Introducción a la economía de la empresa /
Salvato in:
| Autore principale: | |
|---|---|
| Altri autori: | , |
| Natura: | Libro |
| Lingua: | spagnolo |
| Pubblicazione: |
Madrid, España :
Universidad Nacional de Educación a Distancia,
2004, c2003
|
| Serie: | (Guía Didáctica. Turismo)
|
| Soggetti: | |
| Tags: |
Nessun Tag, puoi essere il primo ad aggiungerne!!
|
MARC
| LEADER | 00000nam^a2200000^a^4500 | ||
|---|---|---|---|
| 001 | 000183596 | ||
| 005 | 20250521000000.0 | ||
| 009 | 20260310102044.946 | ||
| 020 | |a 84-8004-532-9 | ||
| 037 | |a Acervo ITESO - Biblioteca | ||
| 041 | |a ESP | ||
| 082 | |a 910. 1071 |b GAR | ||
| 100 | |a Garrido Buj, Santiago |e (autor) | ||
| 245 | 1 | 0 | |a Introducción a la economía de la empresa / |c S. Garrido Buj, M.D. López López, E. Pérez Gorostegui. |
| 264 | 4 | |a Madrid, España : |b Universidad Nacional de Educación a Distancia, |c 2004, c2003 | |
| 300 | |a 62 p. | ||
| 336 | |a texto |b txt |2 rdacontenido | ||
| 337 | |a sin mediación |b n |2 rdamedio | ||
| 338 | |a volumen |b nc |2 rdasoporte | ||
| 440 | 1 | |a (Guía Didáctica. |p Turismo) | |
| 649 | |a XX | ||
| 650 | |a Turismo - |x Administración | ||
| 650 | |a Administración - |x Estudio y Enseñanza - |x Tema Principal | ||
| 650 | |a Guía de Estudio | ||
| 650 | |a Objetivo Educativo | ||
| 650 | |a Programas de Materia | ||
| 650 | |a Bibliografías | ||
| 650 | |a Autoevaluación | ||
| 650 | |a Evaluación Educativa | ||
| 650 | |a Enseñanza Programada | ||
| 650 | |a Educación a Distancia | ||
| 650 | |a Educación Superior | ||
| 650 | |a Ciencias Administrativas | ||
| 700 | |a López López, María Dolores |e (autor) | ||
| 700 | |a Pérez Gorostegui, Eduardo |e (autor) | ||
| 910 | |a Fondo General | ||
| 920 | |a Impresos - Libros | ||
| 930 | |a Colección General | ||
| 905 | |a 101 | ||
| 901 | |a 0500124012 |b IT1 |c ACC |u 20250521 | ||
| 902 | |a https://opac.biblio.iteso.mx/vufind/Record/000183596 | ||